Vocabulario en lengua castellana y mexicana

Guardat en:
Dades bibliogràfiques
Autor principal: Molina, Alonso de (autor)
Format: Llibre
Idioma:espanyol
Publicat: Madrid Cultura Hispánica 1944
Col·lecció:Incunables Americanos, 4
Matèries:
Etiquetes: Afegir etiqueta
Sense etiquetes, Sigues el primer a etiquetar aquest registre!

MARC

LEADER 00000nam a2200000 a 4500
001 UCH1812
003 CL-VaPUC
008 090514e19440000SP |||||||||||||||||spa|d
082 0 4 |a 463  |b MOL  |2 21 
100 |a Molina, Alonso de  |e autor  |9 536355 
245 1 0 |a Vocabulario en lengua castellana y mexicana 
300 |a 161 p 
942 |c BK 
945 |d 20090514 00:00:00  |a rbrito 
260 |a Madrid  |b Cultura Hispánica  |c 1944 
650 7 |a ESPAÑOL DICCIONARIOS  |2 CL-VaPUC  |9 260592 
583 |a last modification  |c 20090514 00:00:00  |k Rodrigo Vera 
490 0 |a Incunables Americanos, 4 
999 |c 333709  |d 333707 
952 |0 0  |1 0  |4 0  |6 463_000000000000000_MOL_1944  |7 0  |8 X  |9 422308  |a FDOBUD  |b FDOBUD  |d 2019-11-22  |i 4547004  |o 463 MOL 1944  |p 4547004  |r 2019-11-22  |w 2019-11-22  |y BK_X  |k BUD